00677cam a2200241 4500001000800000005001700008008004100025010001700066035001200083040000900095043001200104050001900116082000800135100003200143245003200175250001600207260002900223300003600252490003900288504004100327650002300368651004400391216778120260507143634.0701120s1964 nyua b 001 0 eng  a 64010791  a2167781 cIRDP an-us---00aJA66b.R5 196400a3201 aRienow, Robert,d1907-1989.10aIntroduction to government. a3d ed. rev. aNew York,bKnopf,c1964. axx, 625, xxi p.billus.c24 cm.0 aA Borzoi book in political science aIncludes bibliographical references. 0aPolitical science. 0aUnited StatesxPolitics and government.